00361pab a2200121 454500008004000000100001700040245010100057260000900158300001500167362000800182650001400190773003500204180718b2009 xxu||||| |||| 00| 0 eng d aOlsen, Wendy aMoral political economy and moral reasoning about rural India: four theoretical schools compared c2009 ap.875-902. aSep aEconomics aCambridge Journal of Economics